<?xml version="1.0" encoding="UTF-8"?>
<record
    xmlns:xsi="http://www.w3.org/2001/XMLSchema-instance"
    xsi:schemaLocation="http://www.loc.gov/MARC21/slim http://www.loc.gov/standards/marcxml/schema/MARC21slim.xsd"
    xmlns="http://www.loc.gov/MARC21/slim">

  <leader>00781nam a22001937a 4500</leader>
  <controlfield tag="005">20260312161025.0</controlfield>
  <controlfield tag="008">220628b           ||||| |||| 00| 0 eng d</controlfield>
  <datafield tag="040" ind1=" " ind2=" ">
    <subfield code="c">AL</subfield>
  </datafield>
  <datafield tag="041" ind1=" " ind2=" ">
    <subfield code="a">Kannada</subfield>
  </datafield>
  <datafield tag="082" ind1=" " ind2=" ">
    <subfield code="2">23</subfield>
    <subfield code="a">K894.9</subfield>
    <subfield code="b">SHIS</subfield>
  </datafield>
  <datafield tag="100" ind1=" " ind2=" ">
    <subfield code="a"> U P Shivananda  </subfield>
    <subfield code="9">258677</subfield>
  </datafield>
  <datafield tag="100" ind1=" " ind2=" ">
    <subfield code="9">45721</subfield>
    <subfield code="b"> &#xCAF;&#xCC1; &#xCAA;&#xCBF;   &#xCB6;&#xCBF;&#xCB5;&#xCBE;&#xCA8;&#xC82;&#xCA6; </subfield>
  </datafield>
  <datafield tag="245" ind1=" " ind2=" ">
    <subfield code="a">Suddi Bidugade: Putturina buntaru vishesha sanchike 2002  </subfield>
    <subfield code="b">&#xCB8;&#xCC1;&#xCA6;&#xCCD;&#xCA6;&#xCBF; &#xCAC;&#xCBF;&#xCA1;&#xCC1;&#xC97;&#xCA1;&#xCC6; : &#xCAA;&#xCC1;&#xCA4;&#xCCD;&#xCA4;&#xCC2;&#xCB0;&#xCBF;&#xCA8;  &#xCAC;&#xC82;&#xC9F;&#xCB0;&#xCC1;  &#xCB5;&#xCBF;&#xCB6;&#xCC7;&#xCB7;  &#xCB8;&#xC82;&#xC9A;&#xCBF;&#xC95;&#xCC6;  2002</subfield>
  </datafield>
  <datafield tag="260" ind1=" " ind2=" ">
    <subfield code="a">Puttur</subfield>
    <subfield code="b">Suddi Bidugade</subfield>
    <subfield code="c">2002</subfield>
  </datafield>
  <datafield tag="300" ind1=" " ind2=" ">
    <subfield code="a">134 p.</subfield>
    <subfield code="b">PB</subfield>
    <subfield code="c">27x18.5 cm.</subfield>
  </datafield>
  <datafield tag="365" ind1=" " ind2=" ">
    <subfield code="b">&#x20B9;15.00</subfield>
    <subfield code="c">&#x20B9;</subfield>
    <subfield code="d">&#x20B9;15.00</subfield>
  </datafield>
  <datafield tag="650" ind1=" " ind2=" ">
    <subfield code="a"> Jagatika Buntra Sammelana  &#xC9C;&#xCBE;&#xC97;&#xCA4;&#xCBF;&#xC95; &#xCAC;&#xC82;&#xC9F;&#xCB0; &#xCB8;&#xCAE;&#xCCD;&#xCAE;&#xCC7;&#xCB3;&#xCA8;</subfield>
    <subfield code="9">45709</subfield>
  </datafield>
  <datafield tag="942" ind1=" " ind2=" ">
    <subfield code="2">ddc</subfield>
    <subfield code="c">GF</subfield>
  </datafield>
  <datafield tag="999" ind1=" " ind2=" ">
    <subfield code="c">223503</subfield>
    <subfield code="d">223503</subfield>
  </datafield>
  <datafield tag="952" ind1=" " ind2=" ">
    <subfield code="0">0</subfield>
    <subfield code="1">0</subfield>
    <subfield code="2">ddc</subfield>
    <subfield code="4">0</subfield>
    <subfield code="7">0</subfield>
    <subfield code="8">KAN</subfield>
    <subfield code="a">AL</subfield>
    <subfield code="b">AL</subfield>
    <subfield code="d">2013-03-23</subfield>
    <subfield code="l">0</subfield>
    <subfield code="o">K894.9 SHIS</subfield>
    <subfield code="p">GF03009</subfield>
    <subfield code="r">2022-06-28 00:00:00</subfield>
    <subfield code="w">2022-06-28</subfield>
    <subfield code="y">GF</subfield>
  </datafield>
</record>
